00775 2200241 4500001002100000005001500021035002000036007000300056008004100059020002200100082001100122084001700133100002800150245010700178250000600285260004200291300002800333700003100361700003000392650002600422520006800448990001700516INLIS00000000000161220260430092904 a0010-1123000243ta260430 c 0 ind  a978-623-612-901-2 a612.84 a612.84 RUT s0 aRuth Owen ( Pengarang )1 aSaat Aku Melihat :bAll about my body /cRuth Owen ; editor, Mark J. Sachner ; alih bahasa, Andi Wahyu a- aJakarta :bBhuana Ilmu populer,c2020 a22 :bilus. ;c24 cme-0 aMark J. Sachner ( Editor )0 aAndi Wahyu ( Penerjemah ) 4aANATOMI TUBUH MANUSIA aJudul asli : My Body Inside and Out - My Amazing Sense of Sight a00172/K/2022